000
00248nam a2200109Ia 4500
008
190216s9999||||xx |||||||||||||| ||und||
100
_a
Sukumaran Chettiyar
245
0
_a
Irumban Kunchu
260
_b
K R Brothers
650
_a
Kathakal
942
_c
BK
999
_c
24001
_d
24001